000 00569nam a22002297a 4500
003 UA-OsUOA
001 91895
007 ta
008 20121206b un ||||| |||| 00| 0 ukr d
100 _aХазанский В.
090 _a821.161.1
_bХ15
942 _cBK
040 _aUA-OsUOA
_brus
_cUA-OsUOA
_dUA-OsUOA
245 _aАся
300 _a141 с.
955 _a3
041 _arus
080 _a821.161.1
260 _aМ.
_bПолитиздат
_c1963
650 7 _a82 Література. Літературознавство
_2UDC
999 _c378152
_d378152